| 000 | 00854nam a2200253Ia 4500 | ||
|---|---|---|---|
| 003 | OSt | ||
| 005 | 20220923215019.0 | ||
| 006 | a|||||r|||| 00| 0 | ||
| 007 | ta | ||
| 008 | 220922b |||||||| |||| 00| 0 hin d | ||
| 024 | _a174,883 | ||
| 037 | _cTextual | ||
| 040 |
_aARTS _cARTS _bhin |
||
| 041 |
_2hin _ahin |
||
| 082 | _aO152jN32, L3 | ||
| 100 | _aआझा, दशरथ, संपा. | ||
| 245 | 0 |
_aसावित्री सिन्हा _b स्मृति लेख |
|
| 246 | _aSāvitrī sinhā: smṛuti lekha | ||
| 260 |
_aदिल्ली _b ऋषचरण जैन एवं सन्तति _c1973 |
||
| 300 |
_a143 पृ. _ccm. |
||
| 650 |
_aहिन्दी साहित्य _9156264 |
||
| 942 |
_hO152jN32, L3 _cTEXL _2CC |
||
| 999 |
_c328587 _d328587 |
||